Sports Quiz

Random Sports or NFL Quiz
Score 0/28 Timer 10:00
0 Plays Today
Teams Interviewing Candidate % Correct
Atlanta Falcons, Buffalo Bills, San Francisco 49ers*Rex Ryan
95.2%
Atlanta Falcons, Buffalo Bills, Chicago Bears, New York Jets, San Francisco 49ers*Dan Quinn
76.2%
Atlanta Falcons, Chicago Bears, New York Jets, Oakland Raiders, San Francisco 49ers*Todd Bowles
71.4%
Chicago Bears*John Fox
71.4%
Atlanta Falcons, New York JetsDoug Marrone
55.6%
Chicago Bears, Denver Broncos, New York Jets, San Francisco 49ers*Gary Kubiak
52.4%
Atlanta Falcons, Buffalo Bills, Chicago Bears, Denver, Broncos, San Francisco 49ersAdam Gase
50.8%
Buffalo Bills, San Francisco 49ersKyle Shanahan
49.2%
Buffalo Bills, Chicago Bears, Oakland Raiders, San Francisco 49ersMike Shanahan
49.2%
San Francisco 49ers*Jim Tomsula
42.9%
Atlanta Falcons, Buffalo Bills, San Francisco 49ersJosh McDaniels
38.1%
Buffalo BillsHue Jackson
36.5%
Oakland Raiders*Jack Del Rio
31.7%
Atlanta Falcons, Buffalo Bills, Chicago Bears, San Francisco 49ersTeryl Austin
28.6%
Teams Interviewing Candidate % Correct
Buffalo Bills, Oakland RaidersDarrell Bevell
27%
Buffalo BillsGreg Roman
27%
Buffalo BillsJim Schwartz
23.8%
Buffalo Bills, Oakland RaidersPep Hamilton
23.8%
San Francisco 49ersVic Fangio
23.8%
New York JetsTom Cable
22.2%
Oakland RaidersEric Mangini
19%
Buffalo Bills, New York JetsFrank Reich
17.5%
Buffalo Bills, Oakland RaidersPat Shurmur
17.5%
Oakland RaidersScott Linehan
17.5%
New York JetsAnthony Lynn
14.3%
New York Jets, San Francisco 49ersJim L. Mora
14.3%
Atlanta FalconsKeith Armstrong
9.5%
New York JetsJon Robinson
4.8%
Remove Ads.
Support Sporcle.
Get the best of Sporcle when you Go Orange. This ad-free experience offers more features, more stats, and more fun while also helping to support Sporcle. Thank you for becoming a member.

You're not logged in!

Compare scores with friends on all Sporcle quizzes.
OR
Log In

Show Comments

Extras

Top Quizzes Today


Score Distribution

Your Account Isn't Verified!

In order to create a playlist on Sporcle, you need to verify the email address you used during registration. Go to your Sporcle Settings to finish the process.

Report this User

Report this user for behavior that violates our Community Guidelines.

Details: